Music Quiz

Random Music or Artist Quiz

Artist Endings Quiz Stats

 Plays Quiz Updated Mar 9, 2020

Support Sporcle.
Go Orange.
Score 0/30 Timer 07:00
0 Plays Today
Endings Artist % Correct
- SONPeabo Bryson,...
94.7%
- SONPoison,...
94.3%
- SONGeorge Harrison,...
94.2%
- SONKelly Clarkson...
86.3%
- TONDolly Parton,...
44.1%
- TONMichael Bolton,...
40.3%
- TONEric Clapton,...
39.9%
- ERJohn Denver,...
33.5%
- ERTina Turner,...
30.6%
- ERChubby Checker,...
29.2%
- EYMariah Carey
28.6%
- EYMariah Carey
28.6%
- ERCher and Usher
27.7%
- EYElvis Presley,...
27.6%
- EYPaul McCartney,...
25.7%
Endings Artist % Correct
- EYA Taste of Honey,...
25.4%
- ERDaniel Powter...
20.6%
- ENQueen and Van Halen
17.7%
- CKRoberta Flack...
17.2%
- CKCheap Trick...
10.4%
- SONRoy Orbison,...
9.4%
- CKNickelback
7.8%
- ENBoyz II Men,...
7.5%
- ENCoven,...
6.8%
- TONBobby Vinton,...
4.3%
- CKNew Kids on the Block
4.1%
- ENSavage Garden,...
3.5%
- TONSean Kingston
3.4%
- CKStrawberry Alarm Clock
1.4%
- ENThe Highwaymen
1%

From the Vault

Movie Titles With a Little Help from The Beatles

by SporcleEXP

Movies 8m
This quiz is where cinephiles and Beatlemaniacs unite.
Remove Ads.
Support Sporcle.
Get the best of Sporcle when you Go Orange. This ad-free experience offers more features, more stats, and more fun while also helping to support Sporcle. Thank you for becoming a member.

Show Comments

Extras

Top Quizzes Today


Score Distribution

Your Account Isn't Verified!

In order to create a playlist on Sporcle, you need to verify the email address you used during registration. Go to your Sporcle Settings to finish the process.

Report this User

Report this user for behavior that violates our Community Guidelines.

Details: